Khary Payton Filmography - Statistics

General Stats
  • This quiz has been taken 8 times
    4 since last reset
  • The average score is 11 of 201
Answer Stats
Type Year Name % Correct
TV Show 2003-2006 Teen Titans
100%
Video Game 2006 Teen Titans
100%
TV Show 2006-2007 Ben 10
50%
TV Show 2004 Cartoon Monsoon
50%
TV Show 2004, 2005, 2007 Codename: Kids Next Door
50%
TV Show 2002 Imagine That
50%
Video Game 2017 Injustice 2
50%
Video Game 2013 Injustice: Gods Among Us
50%
TV Show 2003 JAG
50%
TV Show 2003 Justice League
50%
TV Show 2006, 2007 Loonatics Unleashed
50%
TV Show 2013-Present Teen Titans Go!
50%
Film 2018 Teen Titans GO! To the Movies
50%
TV Show 2016-2019 The Lion Guard
50%
TV Show 2002 The Proud Family
50%
TV Show 2004 The Shield
50%
TV Show 2016-2022 The Walking Dead
50%
TV Show 2001 Walker, Texas Ranger
50%
TV Show 2010-2013, 2019, 2022 Young Justice
50%
Film 2019 A Beautiful Day in the Neighborhood
0%
Video Game 2011 Ace of Combat: Assault Horizon
0%
Video Game 2013 Aliens: Colonial Marines
0%
TV Show 2005 All Grown Up!
0%
TV Show 2019-2023 American Dad!
0%
Film 2012 Astronaut: The Last Push
0%
Web Series 2023 Avenging Justice
0%
Video Game 2011 Batman: Arkham City
0%
Video Game 2015 Batman: Arkham Knight
0%
Video Game 2013 Batman: Arkham Origins
0%
Video Game 2013 Batman: Arkham Origins - Blackgate
0%
Video Game 2024 Batman: Arkham Shadow
0%
Video Game 2016 Batman: Arkham Underworld
0%
Film 2015 Batman Unlimited: Monster Mayhem
0%
Web Mini-Series 2018 Baymax and ...
0%
TV Show 2015, 2017 Be Cool, Scooby-Doo!
0%
TV Show 2008-2010 Ben 10: Alien Force
0%
Video Game 2010 Ben 10 Alien Force: The Rise of Hex
0%
TV Show 2014 Ben 10: Omniverse
0%
TV Show 2012 Ben 10: Ultimate Alien
0%
Web Series 2018 Big Chibi 6: The Shorts
0%
TV Show 2017-2021 Big Hero 6: The Series
0%
Film 2009 Blood: The Last Vampire
0%
Film 2020 Bobbleheads: The Movie
0%
TV Show 2013 Body of Proof
0%
Video Game 2014 Call of Duty: Advanced Warfare
0%
Web Series 2024 Candela Obscura
0%
Film 1999 Certain Guys
0%
Film 2009 Circle of Eight
0%
Video Game 2009 Cloudy with a Chance of Meatballs
0%
Short Film 2003 Creepy Freaks
0%
TV Show 2009 Criminal Minds
0%
Web Series 2018 Critical Role
0%
TV Show 2010 CSI: Miami
0%
Web Series 2021, 2022 Curious George
0%
Web Series 2016-2018 DC Super Hero Girls
0%
Film 2016 DC Super Hero Girls: Hero of the Year
0%
Film 2018 DC Super Hero Girls: Legends of Atlantis
0%
Video Game 2011 Dead or Alive: Dimensions
0%
Video Game 2010 Dead or Alive Paradise
0%
Video Game 2006 Dead or Alive Xtreme 2
0%
Film 2024 Despicable Me 4
0%
Video Game 2000 Deus Ex
0%
TV Pilot 2004 D.O.T.S.
0%
Film 2003 Dracula II: Ascension
0%
Video Game 2025 Dune: Awakening
0%
TV Show 2017 Elena of Avalor
0%
TV Show 2006, 2008 Emily's Reasons Why Not
0%
Web Series 2023-Present Encounter Party
0%
Video Game 2008 EndWar
0%
TV Show 2012 Fairly Legal
0%
TV Show 2020-2021 Family Guy
0%
Film 2019 Fanboy
0%
Web Series 2023 Faster, Purple Worm! Kill! Kill!
0%
Video Game 2016 Final Fantasy XV
0%
TV Show 2015 Fresh Beat Band of Spies
0%
TV Show 2007 Friday: The Animated Series
0%
Video Game 2013 Fuse
0%
Video Game 2009 FusionFall
0%
Podcast 2025 Gather by the Ghost Light
0%
TV Show 2011 General Hospital
0%
Commercial 2015 General Mills
0%
TV Show 2010 Generator Rex
0%
TV Show 2010-2011 G.I. Joe: Renegades
0%
Video Game 2013 God of War: Ascension
0%
Video Game 2007 God of War II
0%
TV Show 2012 Go On
0%
TV Show 2022 Hamster & Gretel
0%
Web Series 2017 Hand of God
0%
TV Show 2006 Hannah Montana
0%
Video Game 2010 H.A.W.X 2
0%
Video Game 2014 Hearthstone: Heroes of Warcraft
0%
Film 2005 Hellraiser: Hellworld
0%
Short Film 2024 Hoteling
0%
Web Series 2024-2025 Hot Wheels - Let's Race
0%
TV Show 2008 How I Met Your Mother
0%
TV Show 2010 I'm in the Band
0%
Video Game 2011 inFamous 2
0%
Video Game 2011 inFamous 2: Festival of Blood
0%
Video Game 2014 inFamous: First Light
0%
Video Game 2014 inFamous: Second Son
0%
Web Series 2021-Present Invincible
0%
Web Special 2023 Invincible: Atom Eve
0%
Video Game 2008 Jumper
0%
TV Show 2016-2017 Justice League Action
0%
Web Series 2017 Justice League Action Shorts
0%
Film 2015 Justice League: Gods and Monsters
0%
Film 2015 Justice League: Throne of Atlantis
0%
Film 2013 Khumba
0%
Video Game 2011 Killzone 3
0%
Video Game 2019 Kingdom Hearts III
0%
TV Pilot 2015 Kingmakers
0%
TV Show 2024-2025 Krapopolis
0%
Film 2003 Latter Days
0%
TV Show 2007 Legion of Super Heroes
0%
TV Short 2014 LEGO DC Comics: Batman Be-Leaguered
0%
Film 2018 LEGO DC Comics Super Heroes: Aquaman - Rage of Atlantis
0%
Film 2016 LEGO DC Comics Super Heroes: Justice League - Cosmic Clash
0%
Film 2016 LEGO DC Comics Superheroes: Justice League - Gotham City Breakout
0%
Film 2015 LEGO DC Comics Super Heroes: Justice League vs. Bizarro League
0%
Film 2018 LEGO DC Comics Super Heroes: The Flash
0%
Film 2015 LEGO DC Super Heroes: Justice League - Attack of the Legion of Doom!
0%
Web Series 2017 LEGO DC Super Hero Girls
0%
Film 2018 LEGO DC Super Hero Girls: Super-Villain High
0%
Video Game 2015 LEGO Dimensions
0%
TV Show 2010 Lie to Me
0%
Short Film 2005 Lincoln's Eyes
0%
Film 2018 Little B***hes
0%
Web Series 2021, 2022 Little Ellen
0%
Film 2019 Loners
0%
TV Pilot 2013 Love Is Dead
0%
Video Game 2016 Mafia III
0%
Video Game 2026 Marvel 1943: Rise of Hydra
0%
TV Show 2017 Marvel's Guardians of the Galaxy
0%
Video Game 2006 Marvel: Ultimate Alliance
0%
Video Game 2009 Marvel: Ultimate Alliance 2
0%
TV Show 2009 Medium
0%
Video Game 2004 Men of Valor
0%
Video Game 2008 Metal Gear Solid 4: Guns of the Patriots
0%
Video Game 2010 Metal Gear Solid: Peace Walker
0%
TV Pilot 2011 My Life as an Experiment
0%
TV Show 2011-2012 New Teen Titans
0%
Video Game 2009 Ninja Blade
0%
Video Game 2010 No More Heroes 2: Desperate Struggle
0%
Film 2024 No Time to Spy: A Loud House Movie
0%
Film 2007 Ping Pong Playa
0%
Video Game 2012 PlayStation All-Stars Battle Royale
0%
Video Game 2009 Prototype
0%
Video Game 2005 Quake 4
0%
Video Game 2008 Quantum of Solace
0%
TV Show 2019 Rapunzel's Tangled Adventures
0%
Video Game 2013 République
0%
Video Game 2006 Reservoir Dogs
0%
Video Game 2008 Resistance 2
0%
Video Game 2006 Saints Row
0%
Video Game 2008 Saints Row 2
0%
Web Series 2016, 2023 Sanders Shorts
0%
Video Game 2014 SimCity BuildIt
0%
Video Game 2008 SOCOM: U.S. Navy SEALs Confrontation
0%
Video Game 2006 SOCOM: U.S. Navy SEALs Fireteam Bravo 2
0%
Video Game 2010 SOCOM: U.S. Navy SEALs Fireteam Bravo 3
0%
TV Show 2016-2018 Sofia the First
0%
Web Series 2022 Solar Opposites
0%
Video Game 2011 Spider-Man: Edge of Time
0%
Video Game 2007 Spider-Man: Friend or Foe
0%
Video Game 2010 StarCraft II: Wings of Liberty
0%
Video Game 2012 Starhawk
0%
Video Game 2011 Star Wars: The Old Republic
0%
Film 2012 Strange Frame: Love & Sax
0%
Video Game 2023 Stray Gods: The Roleplaying Musical
0%
Film 2002 Swatters
0%
Video Game 2006 Syphon Filter: Dark Mirror
0%
Video Game 2004 Syphon Filter: The Omega Strain
0%
TV Show 2016-2022 Talking Dead
0%
Short Film 2017 Teenage Mecha Ninja Turtles
0%
Film 2022 Teen Titans Go! & DC Super Hero Girls: Mayhem in the Multiverse
0%
Film 2021 Teen Titans Go! See Space Jam
0%
Film 2019 Teen Titans Go! vs. Teen Titans
0%
TV Film 2006 Teen Titans: Trouble in Tokyo
0%
Video Game 2016 Teeny Titans
0%
Podcast 2018-2019 The Angel of Vine
0%
Web Series 2022 The Boys Presents: Diabolical
0%
Video Game 2004 The Chronicles of Riddick: Escape from Butcher Bay
0%
Film 2011 The Legend of Awesomest Maximus
0%
Web Series 2022-2023 The Legend of Vox Machina
0%
TV Film 2015 The Lion Guard: Return of the Roar
0%
TV Show 2022-2024 The Loud House
0%
Film 2000 The Operator
0%
Video Game 2009 The Sims 3
0%
Film 2023 The Super Mario Bros. Movie
0%
Web Series 2020 The Thrilling Adventure Hour: Livestream
0%
Video Game 2013 Tomb Raider
0%
Video Game 2005 Tony Hawk's American Wasteland
0%
TV Show 2014-2017 Transformers: Robots in Disguise
0%
Web Mini-Series 2019 UnDeadwood
0%
Commercial 2014 Verizon
0%
TV Show 2006 What's New, Scooby-Doo?
0%
Video Game 2016 World of Warcraft: Legion
0%
Video Game 2020 World of Warcraft: Shadowlands
0%
Video Game 2005 X-Men Legends II: Rise of Apocalypse
0%
Video Game 2013 Yo-kai Watch
0%
Video Game 2013 Young Justice: Legacy
0%
No matching quizzes found
Score Distribution
Percent of People with Each Score
Percentile by Number Answered
Your Score History
You have not taken this quiz since the last reset